Bankovníctvo. 1 Banková sústava
Banková sústava je vždy dvojstupňová. 1. stupeň tvorí centrálna emisná banka. Jej úlohou je zabezpečovanie stability meny. Spravidla je vo vlastníctve štátu. 2. stupeň tvoria všetky ostatné banky. Ich úlohou je sprostredkovanie pohybu dočasne uvoľneného kapitálu, dosahovanie zisku. Z hľadiska vlastn...
Salvato in:
| Autore principale: | |
|---|---|
| Natura: | Capitolo di libro |
| Lingua: | slovacco |
| Soggetti: | |
| Tags: |
Nessun Tag, puoi essere il primo ad aggiungerne!!
|
MARC
| LEADER | 00000naa a2200000 4500 | ||
|---|---|---|---|
| 001 | r014819 | ||
| 005 | 20221205085837.3 | ||
| 041 | 0 | |a slo | |
| 044 | |a SK | ||
| 245 | 1 | 0 | |a Bankovníctvo. 1 |b Banková sústava |c Božena Petrjánošová |
| 520 | |a Banková sústava je vždy dvojstupňová. 1. stupeň tvorí centrálna emisná banka. Jej úlohou je zabezpečovanie stability meny. Spravidla je vo vlastníctve štátu. 2. stupeň tvoria všetky ostatné banky. Ich úlohou je sprostredkovanie pohybu dočasne uvoľneného kapitálu, dosahovanie zisku. Z hľadiska vlastníctva môžu byť banky štátne, družstevné, súkromné. Podľa zamerania ich činnosti: univerzálne a špecializované banky. Reforma bankovej sústavy SR. Prenikanie zahraničného kapitálu. Súčasný stav bankovej sústavy SR, jej analýza a problémy. | ||
| 610 | 2 | 0 | |a banky |
| 610 | 2 | 0 | |a Slovensko |
| 610 | 2 | 0 | |a banky emisné |
| 610 | 2 | 0 | |a bankovníctvo |
| 610 | 2 | 0 | |a sústava banková |
| 100 | 1 | |a Petrjánošová, Božena | |